000 01215nam0a2200325 4500
001 RU\NLR\BIBL_A\016351332
005 20230525151159.0
010 _a978-5-389-12149-2
_93000
021 _aRU
_bКН-П-23-018159
_9КН-П-23-1814
035 _a(NLR Aleph) 016351332
090 _a13121998
_c13121998
100 _a20230420d2023 u y0rusy50 ca
101 1 _arus
_ceng
102 _aRU
105 _ay|||z|||000 y
181 0 _ai4
_baxxe
182 0 _an
200 1 _aАмериканская трагедия
_eроман
_fТеодор Драйзер
_gперевод с английского Зинаиды Вершининой и Норы Галь
203 _aТекст
_bвизуальный
_cнепосредственный
210 _aСанкт-Петербург
_cАзбука
_cАзбука-Аттикус
_d2023
215 _a956, [2] с.
_d18
225 1 _aАзбука-классика
333 _a16+
675 _a821.111(73)
686 1 _aШ6(7США)67-440.4{Лх1978-50}
700 1 _7ca
_8rus
_aДрайзер
_bТ.
_f1871-1945
_gТеодор
_9113591
_3RU\NLR\AUTH\773596
942 _cBOOK
980 _aNB